Scientific satellites : proceedings /

Bibliographic Details
Corporate Authors: Symposium on Scientific Statellites--Mission and Design Philadelphia, American Astronautical Society
Other Authors: Jeter, Irving E.
Format: Conference Proceeding Book
Language:English
Published: North Hollywood, Calif. : Western Periodicals Co., [1963]
Series:Advances in astronautical sciences ; v. 12.
Subjects:

MARC

Tag First Indicator Second Indicator Subfields
LEADER 00000cam a2200000 i 4500
001 in00000096938
005 20150925090637.0
008 781117s1963 cau 00010 eng d
035 |a (OCoLC)04381190 
035 |9 AAL2653AM 
040 |a VHB  |c VHB  |d TXA  |d UtOrBLW 
049 |a TXAM  |c [358535] 
090 |a TL787.A6  |b A2 v. 12 
111 2 |a Symposium on Scientific Statellites--Mission and Design  |d (1962 :  |c Philadelphia) 
245 1 0 |a Scientific satellites :  |b proceedings /  |c edited by Irving E. Jeter. 
264 1 |a North Hollywood, Calif. :  |b Western Periodicals Co.,  |c [1963] 
264 4 |c ©1963 
300 |a v, 255 pages :  |b illustrations, graphs ;  |c 25 cm. 
336 |a text  |b txt  |2 rdacontent 
337 |a unmediated  |b n  |2 rdamedia 
338 |a volume  |b nc  |2 rdacarrier 
490 1 |a Advances in the astronautical sciences,  |v v. 12 
500 |a At head of title: American Astronautical Society publication. 
500 |a Meeting held Dec. 27, 1962. 
650 0 |a Scientific satellites. 
700 1 |a Jeter, Irving E. 
710 2 |a American Astronautical Society. 
830 0 |a Advances in astronautical sciences ;  |v v. 12. 
999 |a MARS 
999 f f |s 66c4dbad-cfe7-32f8-8871-927b7eb1c677  |i 5fbd0c3e-8b78-3532-bace-20e3d28416ab  |t 0 
952 f f |p ric  |a Texas A&M University  |b Rellis Campus  |c Joint Library Facility  |d Remote Storage  |t 0  |e TL787.A6 A2 v. 12  |h Library of Congress classification  |i unmediated -- volume  |m A14805554645 
998 f f |a TL787.A6 A2 v. 12  |t 0  |l Remote Storage